| 000 | 00396nam a2200145Ia 4500 | ||
|---|---|---|---|
| 005 | 20250423094852.0 | ||
| 008 | 250422s9999 xx 000 0 und d | ||
| 020 | _a0871200996 | ||
| 100 | _aFoshay, arthur W. | ||
| 245 | 0 | _aConsidered action for curriculum improvement | |
| 260 | _aVirginia | ||
| 260 | _bAssociation for Supervision and Curriculum Development | ||
| 300 | _a201 p | ||
| 942 | _cBK | ||
| 999 |
_c28541 _d28541 |
||